000 00866cab a2200289 4500
001 WB3107-27
008 090401t1995 xxu||||| |||| 00| 0 eng d
035 _a(Sirsi) u3329
041 _aeng
245 _aTrocadero development
260 _c1995
350 _a0
490 _aFinancial Times
_v17 February 1995, 28(1)
520 _aBurford`s plans for a virtual reality theme park in the Trocadero, Piccadilly Circus highlights the growing interest in leisure properties.
650 _aBURFORD
650 _aCENTRAL LONDON
650 _aINVESTMENT MARKET
650 _aLEISURE MARKET
650 _aLEISURE PROPERTY
650 _aMEPC
650 _aSEGAWORLD
650 _aTROCADERO
690 _aPROPERTY-COMMERCIAL PROPERTY-COMMERCIAL PROPERTY FINANCE AND INVESTMENT
690 _aLEISURE AND RECREATION
942 _n0
948 _c04/03/1997
999 _c2038
_d2038